000 00265nam a22001217a 4500
008 170704b xxu||||| |||| 00| 0 eng d
041 _aesp
080 _a82
100 _a22
101 _aGJL
245 _aGRAMATICA ESPANOLA DE REPASO
_cUGARTE,F
942 _2udc
_cBK
999 _c19914
_d19914